Modelovanie dodávateľského reťazca v podmienkach neurčitosti
Článok sa zaoberá vplyvom neurčitosti (rizika) na návrh dodávateľského reťazca. Popisuje možné zdroje neurčitosti (rizika) v dodávateľskom reťazci a modelové možnosti zohľadnenia rizika pri jeho návrhu pomocou techník operačného výskumu, a to konkrétne pomocou stochastickej a robustnej optimalizácie...
Na minha lista:
| Autor principal: | |
|---|---|
| Formato: | Capítulo de Livro |
| Idioma: | eslovaco |
| Assuntos: | |
| Tags: |
Sem tags, seja o primeiro a adicionar uma tag!
|
MARC
| LEADER | 00000nla$a2200000$$$4500 | ||
|---|---|---|---|
| 001 | 0060636 | ||
| 005 | 20240502071655.5 | ||
| 041 | 0 | |a slo | |
| 044 | |a SK | ||
| 245 | 1 | 0 | |a Modelovanie dodávateľského reťazca v podmienkach neurčitosti |c Marian Reiff |
| 520 | |a Článok sa zaoberá vplyvom neurčitosti (rizika) na návrh dodávateľského reťazca. Popisuje možné zdroje neurčitosti (rizika) v dodávateľskom reťazci a modelové možnosti zohľadnenia rizika pri jeho návrhu pomocou techník operačného výskumu, a to konkrétne pomocou stochastickej a robustnej optimalizácie. Detailne sa zaoberá robustnou optimalizáciou ako pomerne novým nástrojom pre riešenie optimalizačných úloh s nepresnými alebo chybnými dátami. | ||
| 610 | 2 | 0 | |a modelovanie matematické |
| 610 | 2 | 0 | |a optimalizácia |
| 610 | 2 | 0 | |a výskum operačný |
| 610 | 2 | 0 | |a riziko |
| 610 | 2 | 0 | |a reťazce dodávateľsko-odberateľské |
| 100 | 1 | |a Reiff, Marian, 1978- | |